| 000 | 00511nam a22001697a 4500 | ||
|---|---|---|---|
| 005 | 20251108172928.0 | ||
| 008 | 250721s2004 xx 000 0 ara d | ||
| 082 | 1 | 4 | _a398.6/ محي |
| 100 | 1 | _aمحيي الدين، سامر | |
| 245 | 1 | 0 | _aموسوعة الأحاجي و الألغاز المسلية / |
| 264 | 1 |
_aعمان : _bدار الأسرة للنشر و التوزيع، _c2004. |
|
| 300 | _a302ص | ||
| 650 | 1 | 7 | _aالألغاز |
| 650 | 1 | 7 | _aالأحاجي |
| 942 |
_2ddc _cBK |
||
| 999 |
_c92048 _d92048 |
||